Sport Quiz - Schwer - Statistiken

Allgemein
  • Dieses Quiz wurde 334 mal gespielt
  • Das Durchschnittsergebnis liegt bei 8 aus 15
Antwortstatistiken
Frage Antwort % Korrekt
In welcher Sportart heißt der Weltverband FIFA? Fußball
96%
Wofür fahren Motorsportler in die Boxen? Tanken / Reparieren / Reifenwechsel / Fahrerwechsel
94%
2006 hat _____ die Weltmeisterschaft im Fußball gewonnen. Italien
91%
Welchen Sport verbindet man mit dem Hockenheimring Motorsport
90%
Wie viele Felder hat ein Schachbrett? 64
85%
In welcher Stadt haben 2016 die Olympischen Sommerspiele stattgefunden? Rio de Janeiro
81%
In welcher Sportart spricht man von der Telemarklandung? Skispringen
81%
Auf welchem Fluss findet das Ruderrennen "Oxford gegen Cambridge" statt? Themse
77%
Für welchen Sport ist Thomas Dreßen berühmt? Ski Alpin
34%
Welche Radsportler tragen Regenbogentrikots? Weltmeister
33%
Der "Pflicht" im Eiskunstlauf entspricht die ______ im Pferdesport. Dressur
20%
In welcher Sportart spricht man von "Einband" und "Dreiband"? Billard
16%
Seit wann gilt Windsurfing als Regattasport? 1972
13%
Wofür steht die Abkürzung AvD? Automobilclub von Deutschland
9%
Welche Sportart verbindet man mit dem Namen Eddy Merckx? Radrennsport
8%
Keine übereinstimmenden Quizze gefunden
Verteilung der Resultate
Anzahl Personen mit jedem Resultat
Perzentil nach korrekt beantworteten Fragen
Ihre Resultats-Entwicklung
Sie haben dieses Quiz noch nicht gespielt